| 000 | 00952nam a2200289Ia 4500 | ||
|---|---|---|---|
| 001 | Z_4079 | ||
| 003 | CHAP | ||
| 008 | 220113s1995 xx 000 0 und d | ||
| 010 | _a167142 | ||
| 040 | _cCHAP | ||
| 090 | _aFolleto 585 c. 3 | ||
| 100 |
_aOrtíz Ortíz, Gilberto _9141308 |
||
| 245 |
_aProducción de leche en las regiones altas de Veracruz : grupo ganadero de validación y apoyos a la transferencia de tecnología Acatlán / _cpor Gilberto Ortíz Ortíz y Benjamín A. Piña Cárdenas |
||
| 260 |
_aXalapa, Ver. : _bINIFAP. Campo Experimental Xalapa, _c1995 |
||
| 300 | _a19 p. | ||
| 440 |
_aPublicación especial no. 3.1. División pecuaria _9141309 |
||
| 500 | _a | ||
| 503 | _a | ||
| 650 |
_aGanado lechero _xVeracruz _945306 |
||
| 650 |
_aVeracruz _xGanado lechero I. Piña Cárdenas, Benjamín A _9141310 |
||
| 901 | _aFolleto 585 c. 3 | ||
| 902 | _aA | ||
| 910 | _a1995 | ||
| 942 | _cc14 | ||
| 942 | _cc14 | ||
| 999 |
_c167142 _d167142 |
||